000 01667nam0a2200397 4500
001 RU\NLR\bibl\1036320
005 20250615002332.0
021 _aRU
_b2006-80456
_94078
035 _a(nilc)RSL-KNO-002995093
035 _a(NLR Aleph) 001023744
090 _a714953
_c714953
100 _a20061208d2006 |||y0rusy50 ca
101 0 _arus
102 _aRU
105 _aa zzzz|||||
106 _ar
200 1 _aТеоретические основы оценки эффективности социальных инвестиций
_fЕ. А. Орлова, Е. А. Пилюгин
205 _aПрепр
210 _aЕкатеринбург
_cИн-т экономики УрО РАН
_d2006
215 _a43 с.
_cил.
_d21
225 1 _aНаучные доклады
_fРоссийская акад. наук, Уральское отд-ние, Ин-т экономики
320 _aБиблиогр.: с. 39-41 (26 назв.)
606 1 _aИнвестиции социальные
_yРоссийская Федерация
_92416667
_3RU\NLR\auth\661439491
610 0 _aЭкономика -- Российская Федерация -- Социальная сфера -- Инвестиции
686 _aУ9(2)0-968-56,0
_2rubbk
686 _aУ9(2)-56(2Р)
686 _aУ9(2)-13(2Р)
686 _aУ27(2)2(2Р)
700 1 _aОрлова
_bЕ. А.
_gЕлена Алексеевна
_4070
701 1 _aПилюгин
_bЕ. А.
_gЕвгений Александрович
_4070
801 0 _aRU
_bРКП
_c20061208
_grcr
801 1 _aRU
_bРГБ
_c20061208
801 2 _aRU
_bNLR
_c20070125
_grcr
942 _cBOOK
980 _aNB